Unscramble: Mythical/Fantastical Creatures - Statistics

General Stats
  • This quiz has been taken 53 times
  • The average score is 6 of 12
Answer Stats
Scramble Answer % Correct
Lob Gin Goblin
95%
Run Coin Unicorn
83%
Ski Bails Basilisk
65%
God Ran Dragon
65%
Peer Launch Leprechaun
65%
Oxen Hip Phoenix
53%
Owl Fewer Werewolf
53%
Rim Mead Mermaid
50%
River Map Vampire
28%
Into Cream Manticore
23%
Cricket Coa Cockatrice
8%
Glitter Pose Poltergeist
8%
No matching quizzes found
Score Distribution
Percent of People with Each Score
Percentile by Number Answered
Your Score History
You have not taken this quiz